Desindexación, el retorno al nominalismo (Registro nro. 5453)

Detalles MARC
000 -LEADER
fixed length control field 00866 a2200205 4500
001 - CONTROL NUMBER
control field 54284
005 - DATE AND TIME OF LATEST TRANSACTION
control field 20260407155814.0
008 - FIXED-LENGTH DATA ELEMENTS--GENERAL INFORMATION
fixed length control field 260407a1991 arg spa d
003 - CONTROL NUMBER IDENTIFIER
control field AR-UNSa-BCEJYS
040 ## - CATALOGING SOURCE
Original cataloging agency AR-UNSa-BCEJYS
Language of cataloging spa
Transcribing agency AR-UNSa-BCEJYS
080 ## - UNIVERSAL DECIMAL CLASSIFICATION NUMBER
Universal Decimal Classification number 336.74
Common auxiliary subdivision Moneda. Sistema monetario
020 ## - INTERNATIONAL STANDARD BOOK NUMBER
International Standard Book Number 950-20-0602-x
100 1# - MAIN ENTRY--PERSONAL NAME
Personal name Alterini, Atilio Aníbal
245 10 - TITLE STATEMENT
Title Desindexación, el retorno al nominalismo
Name of part/section of a work análisis de la ley Nº 23.928 de convertibilidad del austral
264 #1 - PRODUCTION, PUBLICATION, DISTRIBUTION, MANUFACTURE, AND COPYRIGHT NOTICE
Place of production, publication, distribution, manufacture Buenos Aires :
Name of producer, publisher, distributor, manufacturer Abeledo Perrot
Date of production, publication, distribution, manufacture, or copyright notice 1991
300 ## - PHYSICAL DESCRIPTION
Extent 191 p.
Dimensions 18 cm.
505 ## - FORMATTED CONTENTS NOTE
Formatted contents note 1. Esquema de situación a marzo de 1991 - 2. La ley 23.928 - 3. La regulación jurídica del nominalismo:Un retorno a lo clásico - 4. Las dedudas en moneda extranjera - 5. Una incognita:Las dedudas de valor - 6. Prognosis
590 ## - LOCAL NOTE (RLIN)
Local note niveau_biblio:m niveau_hierar:0
942 ## - ADDED ENTRY ELEMENTS (KOHA)
Koha item type
Existencias
Withdrawn status Lost status Damaged status Not for loan Home library Current library Shelving location Date acquired Total checkouts Full call number Barcode Date last seen Price effective from Koha item type
        Biblioteca Prof. Eusebio Cleto del Rey Biblioteca Prof. Eusebio Cleto del Rey   07/04/2026   336.74 A466 L58876 07/04/2026 07/04/2026 Libro